|
|
|
|
| LEADER |
00000nam a2200000 a 4500 |
| 001 |
UCL7105 |
| 003 |
CL-VaPUC |
| 008 |
040430e20020000SP |||||||||||||||||spa|d |
| 020 |
|
|
|a 8484323528
|
| 082 |
0 |
4 |
|a 972.004
|b MAR
|2 21
|
| 100 |
|
|
|a Martin, Simon
|e autor
|9 484877
|
| 700 |
|
|
|a Grube, Nikolai
|e author
|9 569513
|
| 245 |
1 |
0 |
|a Crónica de los reyes y reinas mayas: la primera historia de las dinastías mayas
|
| 250 |
|
|
|a 1a. ed
|
| 300 |
|
|
|a 240 p
|
| 942 |
|
|
|c BK
|
| 945 |
|
|
|d 20040430 00:00:00
|a cmena
|
| 260 |
|
|
|a Barcelona
|b Crítica
|c 2002
|
| 650 |
|
0 |
|a Culturas precolombinas
|9 408769
|
| 650 |
|
7 |
|a MAYAS
|2 CL-VaPUC
|9 267590
|
| 650 |
|
0 |
|a Antropología cultural y social
|9 265143
|
| 650 |
|
0 |
|a Arqueología
|9 265619
|
| 583 |
|
|
|a last modification
|c 20040430 00:00:00
|k Rodrigo Vera
|
| 999 |
|
|
|c 308965
|d 308963
|
| 952 |
|
|
|0 0
|1 0
|4 0
|6 972_004000000000000_MAR_2002
|7 0
|8 A
|9 375974
|a BIBHIS
|b BIBHIS
|d 2019-11-21
|i 4010698
|o 972.004 MAR 2002
|p 4010698
|r 2025-01-20
|w 2019-11-21
|y BK
|k HIS
|